000 00444nam a2200181Ia 4500
005 20250603145819.0
008 250603s9999 xx 000 0 und d
020 _a9781032699592
050 _aPN 1992 .C66 .H65/
100 _aEdited by Holladay, Willson Holly
245 0 _aTelevision sitcom and cultural crisis
260 _aLondon
260 _bRoutledg
260 _c2024
300 _ax, 167p.:
650 _aLondon
942 _cBK
999 _c42934
_d42934